| 000 | 00528nam a2200193Ia 4500 | ||
|---|---|---|---|
| 008 | 151121s9999||||xx |||||||||||||| ||und|| | ||
| 082 | _a923।1/OSW | ||
| 082 | _bHNW-51603 | ||
| 100 | _aOswell G। D। | ||
| 245 | _aSketches of Rulers Of India Vol-II | ||
| 260 | _b"Oxford University Press, Delhi" | ||
| 260 | _c-- | ||
| 300 | _a215 | ||
| 600 | _aOswell G। D। | ||
| 630 | _aSketches of Rulers Of India Vol-II | ||
| 700 | _aOswell G। D। | ||
| 730 | _aSketches of Rulers Of India Vol-II | ||
| 942 | _cBOOK | ||
| 999 |
_c1235944 _d1235941 |
||